000 04181nam0a2200721 4500
001 RU\NLR\bibl\1764809
005 20250616125154.0
010 _a978-5-9901191-7-8
021 _aRU
_b2011-25567
_91821
035 _a(nilc)LIBNET\0000123675
035 _a2VIL\RUSMED\0000183983
035 _a(NLR Aleph) 001755611
090 _a1546258
_c1546258
100 _a20110413d2011 |||y0rusy50 ca
101 0 _arus
102 _aRU
105 _aa |||||||||
200 1 _aРеабилитация больных ишемической болезнью сердца после эндоваскулярных вмешательств на постстационарном (диспансерно-поликлиническом) этапе
_eучебное пособие для системы послевузовского и дополнительного профессионального образования врачей
_fБубнова М.Г., Аронов Д.М., Красницкий В.Б.
_gпод ред. проф. Д.М. Аронова, проф. Д.Г. Иоселиани
_gМ-во здравоохранения и соц. равития Рос. Федерации, Федер. гос. учреждение "Гос. науч.-исслед. центр профилакт. медицины"
205 _a(2-е изд.)
210 _aМосква
_cМегаПро
_d2011
215 _a132 с.
_cил., цв. ил.
_d21
606 1 _aИШЕМИЧЕСКАЯ БОЛЕЗНЬ СЕРДЦА
_xреабилитация
_jметод рекомендации
_2rus_mesh
_3R32356-23.1
606 1 _aMYOCARDIAL ISCHEMIA
_xsurgery
_2rus_mesh
_3E32356-31.1
606 1 _aИшемическая болезнь сердца
_jУчебные издания для последипломного образования
_xЭндохирургия
_xРеабилитация больных
_92617758
_3RU\NLR\auth\661554318
606 1 _aMYOCARDIAL ISCHEMIA
_xrehabilitation
_2rus_mesh
_3E32356-23.1
606 1 _aИШЕМИЧЕСКАЯ БОЛЕЗНЬ СЕРДЦА
_xхирургия
_jметод рекомендации
_2rus_mesh
_3R32356-31.1
606 1 _aЭНДОВАСКУЛЯРНЫЕ ПРОЦЕДУРЫ
_xметоды
_jметод рекомендации
_2rus_mesh
_3R60923-7.1
606 1 _aENDOVASCULAR PROCEDURES
_xmethods
_2rus_mesh
_3E60923-7.1
606 1 _aАМБУЛАТОРНО-ПОЛИКЛИНИЧЕСКАЯ ПОМОЩЬ
_xметоды
_jметод рекомендации
_2rus_mesh
_3R632-6.1
606 1 _aAMBULATORY CARE
_xmethods
_2rus_mesh
_3E632-6.1
686 _a76.29.30
_2rugasnti
686 _a76.29.39
_2rugasnti
686 _a76.35.35
_2rugasnti
686 _a76.01.33
_2rugasnti
686 _aC14.280.647 - реабилитация
_v2011
_2MESH
686 _aC14.907.585 - реабилитация
_v2011
_2MESH
686 _aC14.280.647 - rehabilitation
_v2011
_2MESH
686 _aC14.907.585 - rehabilitation
_v2011
_2MESH
686 _aC14.280.647 - хирургия
_v2011
_2MESH
686 _aC14.907.585 - хирургия
_v2011
_2MESH
686 _aC14.280.647 - surgery
_v2011
_2MESH
686 _aC14.907.585 - surgery
_v2011
_2MESH
686 _aE04.100.814.529 - методы
_v2011
_2MESH
686 _aE04.800.382 - методы
_v2011
_2MESH
686 _aE04.100.814.529 - methods
_v2011
_2MESH
686 _aE04.800.382 - methods
_v2011
_2MESH
686 _aE02.760.106 - методы
_v2011
_2MESH
686 _aN02.421.585.106 - методы
_v2011
_2MESH
686 _aE02.760.106 - methods
_v2011
_2MESH
686 _aN02.421.585.106 - methods
_v2011
_2MESH
686 _aР457.365.014-598.9я77
700 1 _aБубнова
_bМ. Г.
_gМарина Геннадьевна
_4070
701 1 _aАронов
_bД. М.
_gДавид Меерович
_4070
701 1 _aКрасницкий
_bВ. Б.
_gВладимир Борисович
801 0 _aRU
_bЦНМБ
_c20110413
_gPSBO
801 1 _aRU
_bЦНМБ
_c20110413
801 2 _aRU
_bЦНМБ
_c20110421
801 2 _aRU
_bNLR
_c20110428
_grcr
830 _aавт. по ЭК
942 _cBOOK
980 _aNB
980 _aNBR